000 00697cam a2200241 a 4500
001 000018516
003 OSt
005 20200929165821.0
008 760331s1975 xxc 000 f eng d
020 _a0770512771
040 _aDO-SdBNP
_beng
_cBNPHU
_dBNPHU
049 _aBNGR
082 _a813.5
_bC156f
100 1 _aCallaghan, Morley,
_d1903-1990
_940050
245 1 2 _aA fine and private place :
_ba novel /
_cMorley Callaghan.
260 _aToronto :
_bMacmillan of Canada,
_c1975.
300 _a213 p. ;
_c22 cm.
650 4 _aNovela canadiense
_97990
650 4 _aLiteratura canadiense
_ySIGLO XX
_97991
910 _aCatalogación derivada / LC
942 _2ddc
_cLF1
956 _aLOPEREZ
999 _c18036
_d18036